000 01033cam a2200277 4500
008 000000n2000 000 0 eng u
020 _a1842190164
035 _a(Sirsi) u106158
050 _a333.337
110 _aRoyal Institution of Chartered Surveyors
_bResearch Foundation
_93861
245 _aResearch report : forecasting office supply and demand
260 _aLondon
_bRICS Research Foundation
_c2000
300 _a36p. ; 30cm.
350 _a100.00
520 _aA research report carried out for the Corporation of London and the RICS Research Foundation by Business Strategies Ltd.,City University Business School and the University of Reading. The ISBN is incorrectly given as 1842191015.
650 _aOFFICES
650 _aOFFICE SPACE
650 _aPROPERTY MARKET
650 _aBOOM-BUST CYCLES
650 _aFORECASTING
650 _aRENTS
650 _aYIELDS
690 _aPROPERTY-COMMERCIAL PROPERTY-COMMERCIAL PROPERTY MARKET
710 _aLondon
_bCorporation of London
_92224
942 _n0
999 _c100532
_d100532